King Henry III and the Lord Edward : (Record no. 27124)
[ view plain ]
| 000 -LEADER | |
|---|---|
| fixed length control field | 00929cam a22002771 4500 |
| 001 - CONTROL NUMBER | |
| control field | 27124 |
| 003 - CONTROL NUMBER IDENTIFIER | |
| rucl marc code | BD-RjUL |
| 005 - DATE AND TIME OF LATEST TRANSACTION | |
| control field | 20211209051121.0 |
| 008 - FIXED-LENGTH DATA ELEMENTS--GENERAL INFORMATION | |
| fixed length control field | 140324s1947 enkb 001 0 eng |
| 035 ## - SYSTEM CONTROL NUMBER | |
| System control number | (BD-RjUL)27195 |
| System control number | (OCoLC)1044503 |
| 040 ## - CATALOGING SOURCE | |
| Original cataloging agency | DLC |
| Transcribing agency | TxU-Da |
| Modifying agency | OCoLC |
| -- | DLC |
| Language of cataloging | eng |
| 041 ## - LANGUAGE CODE | |
| Language code of text/sound track or separate title | eng |
| 082 ## - DEWEY DECIMAL CLASSIFICATION NUMBER | |
| Classification number | 942.034 |
| Author mark and year | POK 1947 |
| 100 1# - MAIN ENTRY--PERSONAL NAME | |
| Personal name | Powicke, F. M. |
| Fuller form of name | (Frederick Maurice), |
| Dates associated with a name | 1879-1963. |
| 9 (RLIN) | 557 |
| 245 10 - TITLE STATEMENT | |
| Title | King Henry III and the Lord Edward : |
| Remainder of title | the community of the realm in the thirteenth century / |
| Statement of responsibility, etc. | F. M. Powicke... |
| Number of part/section of a work | V-2 |
| 260 ## - PUBLICATION, DISTRIBUTION, ETC. (IMPRINT) | |
| Place of publication, distribution, etc. | Oxford : |
| Name of publisher, distributor, etc. | The Clarendon press, |
| Date of publication, distribution, etc. | 1947. |
| 300 ## - PHYSICAL DESCRIPTION | |
| Pagination | 858 p.: |
| Illustrations | ill. ; |
| Size | 25 cm. |
| 504 ## - BIBLIOGRAPHY, ETC. NOTE | |
| Bibliography, etc | includes index |
| 600 00 - SUBJECT ADDED ENTRY--PERSONAL NAME | |
| Personal name | Henry |
| Titles and other words associated with a name | King of England, |
| Dates associated with a name | 1207-1272. |
| Personal name | Edward |
| Titles and other words associated with a name | King of England, |
| Dates associated with a name | 1239-1307. |
| 651 #0 - SUBJECT ADDED ENTRY--GEOGRAPHIC NAME | |
| Geographic name | Great Britain |
| General subdivision | History |
| Chronological subdivision | Henry III, 1216-1272. |
| 9 (RLIN) | 79138 |
| 942 ## - ADDED ENTRY ELEMENTS (KOHA) | |
| Source of classification or shelving scheme | Dewey Decimal Classification |
| Koha item type | Books |
| Lost status | Source of classification or shelving scheme | Damaged status | Not for loan | Collection code | Permanent Location | Current Location | Shelving location | Date acquired | Source of acquisition | Cost, normal purchase price | Total Checkouts | Full call number | Date last seen | Copy number | Koha item type |
|---|---|---|---|---|---|---|---|---|---|---|---|---|---|---|---|
| Dewey Decimal Classification | Added to bundle | Non-fiction | Central Library, University of Rajshahi | Central Library, University of Rajshahi | Reading Room | 22/06/1955 | O.U.P. | 33.12 | 942.034 POK V-2 1947 | 24/03/2014 | C-1 | Books |